Why Tommy Boy Fails at Sales Quiz Stats

 Plays Quiz not verified by Sporcle

Support Sporcle.
Go Orange.
Score 0/126 Timer 07:00
0 Plays Today
% Correct
a
97.1%
the
97.1%
a
97.1%
The
97.1%
and
97.1%
and
97.1%
And
97.1%
and
97.1%
I
97%
I
97%
I
97%
I
97%
I
97%
I
97%
I
97%
I
97%
I
97%
I
97%
I
97%
I
97%
I
97%
I
97%
I
97%
you
88.5%
you!
88.5%
sale.
85%
sale!
85%
it,
82.1%
it,
82.1%
it.
82.1%
it.
82.1%
it!
82.1%
it.
82.1%
my
79.7%
my
79.7%
my
79.7%
my
79.7%
my
79.7%
why
79%
me
78.8%
pet.
75.6%
pet
75.6%
% Correct
pet.
75.6%
pet
75.6%
pet.
75.6%
pet,
75.6%
suck
74.3%
Let
72.6%
tell
72.6%
sales.
72.3%
love
72.3%
love
72.3%
love
72.3%
in
72%
in
71.9%
You're
67.5%
you're
67.5%
Oh,
67.3%
is
66.9%
go
66%
go... AAAHHHHH!
66%
little
65.6%
little
65.6%
to
65.3%
naughty
64.2%
naughty.
64.2%
naughty
64.2%
like
63.3%
like
63.2%
as
62.9%
killed
62.9%
killed
62.9%
Helen,
62.6%
Helen.
62.5%
then
62.4%
then
62.4%
when
61.4%
when
61.4%
salesman.
59.9%
That's
57%
That's
57%
stroke
57%
we're
54.7%
new
54.1%
% Correct
Boy,
53.9%
pretty
53.4%
pretty
53.4%
Jo-Jo,
53.4%
Circus
53%
blow
52.5%
both
51.7%
get
51.7%
with
51.5%
So
50.9%
I'm
50.6%
all
47.7%
have
46.2%
say
46%
say
46%
take
45.5%
us
43.5%
people
42.4%
massage
42%
excited.
41.9%
Let's
41.6%
Let's
41.6%
Idiot
41.4%
(Helen:) God,
41.1%
Am
40.2%
sick.
37.7%
interested
34.9%
some
33.7%
possible
32.4%
got
32%
remotely
31.5%
even
31.3%
right?
31.1%
he's
30.7%
into
29.7%
Well,
29.4%
ahead,
28.7%
forge
28.2%
buying
26.9%
office.
25.9%
guy's
25.5%
something.
22.4%

You're not logged in!

Compare scores with friends on all Sporcle quizzes.
OR
Log In

From the Vault

Celebrity Siblings II

by sproutcm

If the Doublemint Gum twins were on here, we'd wish you luck!
Remove Ads.
Support Sporcle.
Get the best of Sporcle when you Go Orange. This ad-free experience offers more features, more stats, and more fun while also helping to support Sporcle. Thank you for becoming a member.

Show Comments

Extras

Top Quizzes Today


Score Distribution

Your Account Isn't Verified!

In order to create a playlist on Sporcle, you need to verify the email address you used during registration. Go to your Sporcle Settings to finish the process.

Report this User

Report this user for behavior that violates our Community Guidelines.

Details: